Las vías de la vida

Una colisión mortal entre un tren y un coche lleva a una extraña unión entre el ingeniero del tren y un niño, que es precisamente hijo de la mujer que muere en el accidente.

Guardado en:
Autor Principal: Eastwood, Alison.
Autor Corporativo: Malpaso Productions.
Otros Autores: Levy, Micky; Guion., Bacon, Kevin; Reparto., Gay Harden, Marcia; Reparto., Heizer, Miles; Reparto.
Formato: Deslizar
Idioma:Undetermined
Publicado: Estados Unidos : Warner Bros, 2007.
Materias:
Etiquetas: Agregar Etiqueta
Sin Etiquetas, Sea el primero en etiquetar este registro!
LEADER 01071ngm a22002655a 4500
001 CEM.cems020120
008 230518s2007####xx#---############vlund#d
005 20230518202921.0
245 1 0 |a Las vías de la vida  |h [videograbación] /  |c Alison Eastwood. 
260 |a Estados Unidos :  |b Warner Bros,  |c 2007. 
300 |a 96'. 
520 |a Una colisión mortal entre un tren y un coche lleva a una extraña unión entre el ingeniero del tren y un niño, que es precisamente hijo de la mujer que muere en el accidente. 
590 |a Identificación anterior:42 
538 |a Soporte: DVD -- Formato: DVD – Peso: 3.57gb -- Resolución: 720 x 480 -- 29.97fps 
500 |a Título original: Rails & Ties. 
100 1 |a Eastwood, Alison. 
700 1 |a Levy, Micky; Guion. 
700 1 |a Bacon, Kevin; Reparto. 
700 1 |a Gay Harden, Marcia; Reparto. 
700 1 |a Heizer, Miles; Reparto. 
710 2 |a Malpaso Productions. 
653 |a LARGOMETRAJE 
653 |a FICCIÓN 
653 |a DRAMA 
859 |a CEMS  |b BIB. CEMS - Depto. Recursos Didacticos  |h 778.5  |i EAS  |k DRD  |p 3000.23  |t Ej.1